000 01240nam a22002657i 4500
003 URS
005 20220117151135.0
008 171215b xxu||||| |||| 00| 0 eng d
050 1 4 _aHQ 759.48
_bSa381 2004
100 1 _aSalud, Mayeth Baligad,
_eauthor
245 1 0 _aPersonal, office and social-related problems encountered by working mothers at 2nd Infantry Division, Philippine Army, Camp Capinpin, Tanay, Rizal calendar year 2003 /
_cMayeth Baligad Salud.
260 1 _c2004.
300 _axxii, 89 leaves :
_billustrations (some colour) ;
_c28 cm
336 _2rdacontent
_atext
336 _2rdacontent
_astill image
337 _2rdamedia
_aunmediated
338 _2rdacarrier
_avolume
502 _aThesis
_bA.B. Psychology
_cUniversity of Rizal System
_d2004
504 _aInclude bibliographical references.
520 _aThis study aimed to determine the personal, office and social-related problems encountered by working mothers at the 2nd Infantry Division, Philippine Army, Camp Capinpin, Tanay, Rizal, Calendar Year 2003.
610 2 4 _aPhilippines. Army. Infantry Division, 2nd
_xEmployees
650 0 _aWorking mothers
_zPhilippines
_zTanay, Rizal
700 1 _aPeƱaflor, Julieta C.
_edegree supervisor
942 _2lcc
_cT
999 _c16916
_d16916